000
00243nam a2200097Ia 4500
008
190216s9999||||xx |||||||||||||| ||und||
100
_a
Michael Brecher
245
0
_a
Nehru A Political Biography
260
_b
Kerala Bhasha Institute
942
_c
BK
999
_c
11584
_d
11584